| Tag |
First Indicator |
Second Indicator |
Subfields |
| LEADER |
00000cam a2200000zi 4500 |
| 001 |
in00003528421 |
| 006 |
m |o d | |
| 007 |
cr |n||||||||| |
| 008 |
150601s2015 si o 000 0 eng d |
| 005 |
20260609153456.9 |
| 020 |
|
|
|a 9789814613484 (electronic bk.)
|
| 020 |
|
|
|a 9814613487 (electronic bk.)
|
| 020 |
|
|
|z 9789814613477
|
| 020 |
|
|
|z 9814613479
|
| 035 |
|
|
|a (NhCcYBP)ybp11954390
|
| 040 |
|
|
|a NhCcYBP
|c NhCcYBP
|d UtOrBLW
|
| 050 |
|
4 |
|a QD181.C1
|b S53 2015
|
| 082 |
0 |
4 |
|a 546/.68142
|2 23
|
| 100 |
1 |
|
|a Shafraniuk, Serhii,
|e author.
|
| 245 |
1 |
0 |
|a Graphene :
|b fundamentals, devices, and applications /
|c Serhii Shafraniuk.
|
| 264 |
|
1 |
|a Singapore :
|b Pan Stanford Publishing,
|c [2015]
|
| 300 |
|
|
|a 1 online resource.
|
| 336 |
|
|
|a text
|b txt
|2 rdacontent
|
| 337 |
|
|
|a computer
|b c
|2 rdamedia
|
| 338 |
|
|
|a online resource
|b cr
|2 rdacarrier
|
| 588 |
|
|
|a Description based on print version record.
|
| 500 |
|
|
|a Electronic resource.
|
| 650 |
|
0 |
|a Graphene.
|
| 650 |
|
0 |
|a Graphene
|x Electric properties.
|
| 655 |
|
7 |
|a Electronic books.
|2 local
|
| 710 |
2 |
|
|a CRC Press.
|
| 776 |
1 |
8 |
|c Original
|z 9789814613477
|z 9814613479
|
| 856 |
4 |
0 |
|u http://proxy.library.tamu.edu/login?url=https://www.crcnetbase.com/isbn/9789814613484
|z Connect to the full text of this electronic book
|t 0
|
| 955 |
|
|
|a YBP purchased firm e-records
|
| 980 |
|
|
|b 150.00
|g 1
|
| 999 |
f |
f |
|s ba8a4965-fe7a-33ff-99e9-91677a48f665
|i a16e18ae-f415-39b6-9dbe-0dd1fc68d974
|t 0
|
| 999 |
|
|
|a MARS
|
| 952 |
f |
f |
|a Texas A&M University
|b College Station
|c Electronic Resources
|s www_evans
|d Available Online
|t 0
|e QD181.C1 S53 2015
|h Library of Congress classification
|
| 998 |
f |
f |
|a QD181.C1 S53 2015
|t 0
|l Available Online
|